The Doors (1967) - Statistics

General Stats
  • This quiz has been taken 23 times
  • The average score is 7 of 11
Answer Stats
Answer % Correct
Light My fire
100%
The End
94%
Break on Through (To the other side)
88%
Soul Kitche
71%
Back Door Man
65%
The Crystal Ship
65%
Alabama Song (Whisky Bar)
59%
End of the Night
59%
Twentieth Century Fox
47%
I looked at You
41%
Take it as it comes
41%
No matching quizzes found
Score Distribution
Percent of People with Each Score
Percentile by Number Answered
Your Score History
You have not taken this quiz